000 01102nam a2200217 a 4500
001 000037499
005 20200930080410.0
008 120420s1994 sp 001 0 spa d
020 _a8445107623
040 _aDO-SdBNP
_bspa
_cBNPHU
041 1 7 _aspa
_bfren
245 0 0 _aContra los titanes de la rutina :
_bencuentro, en Madrid, de investigadores hispano-franceses sobre la historia y la filosofía de la matemática = Contre les titans de la routine : rencontre à Madrid de chercheurs hispano-français sur l'histoire et la philosophie de la mathématique : /
_ceditores Santiago Garma, Dominique Flament, Víctor Navarro.
246 1 0 _aContre les titans de la routine :
_brencontre à Madrid de chercheurs hispano-français sur l'histoire et la philosophie de la mathématique :
260 _aMadrid :
_bComunidad de Madrid :,
_c1994.
300 _aXI, 495 p. ;
_c21 cm.
500 _aIncluye notas al pie de las páginas
500 _aIncluye índice
504 _abibliografía : p. 479 -480
700 1 _aFlament, D.
_q(Dominique),
_d1953-
_963951
700 1 _aNavarro Brotons, Víctor.
_963952
999 _c36989
_d36989